Fr. Conceicao Rodrigues College of Engineering

Production planning control and industrial management (Record no. 35193)

MARC details
000 -LEADER
fixed length control field 00315nam a2200133Ia 4500
082 ## - DEWEY DECIMAL CLASSIFICATION NUMBER
Classification number 658.562
Item number JAI
100 ## - MAIN ENTRY--PERSONAL NAME
Personal name Jain/K.C/ Aggarwal/A.C
245 ## - TITLE STATEMENT
Title Production planning control and industrial management
260 ## - PUBLICATION, DISTRIBUTION, ETC.
Name of publisher, distributor, etc. Khanna
Place of publication, distribution, etc. Delhi
300 ## - PHYSICAL DESCRIPTION
Extent 1385
546 ## - LANGUAGE NOTE
Language note ENGLISH
654 ## - SUBJECT ADDED ENTRY--FACETED TOPICAL TERMS
Focus term production
942 ## - ADDED ENTRY ELEMENTS (KOHA)
Koha item type BOOK
Holdings
Withdrawn status Lost status Damaged status Not for loan Collection Home library Current library Shelving location Date acquired Total Checkouts Full call number Barcode Date last seen Price effective from Koha item type
        CRC Fr. Agnel's C.Rodrigues College of Engineering Fr. Agnel's C.Rodrigues College of Engineering   17/03/2023   658.562 JAI 9913 17/03/2023 17/03/2023 BOOK